| 000 | 00993nam a22002177a 4500 | ||
|---|---|---|---|
| 999 |
_c4016 _d4016 |
||
| 005 | 20241210115325.0 | ||
| 008 | 241210b ||||| |||| 00| 0 eng d | ||
| 020 | _a9781407104270 | ||
| 040 | _cKH8 | ||
| 082 | _a985.019 DEA | ||
| 100 |
_aDeary, Terry _eAuthor |
||
| 245 |
_aThe incredible Incas / _cTerry Deary |
||
| 260 |
_a London, _bScholastic, _c2008 |
||
| 300 |
_a139 pages : _b illustrations ; _c20 cm. |
||
| 440 | _aHorrible histories | ||
| 520 | _aLearn all about the incredible Incas, with all the nasty bits left in. Find out the horrible truth, like how a bucket of stewed pee could make you beautiful, why servants ate the emperor's hair and what happened in their legendary golden temples. Includes a grisly quiz to test your knowledge. These bestselling titles are sure to be a huge hit with yet another generation of Terry Deary fans | ||
| 650 | _aChildren's nonfiction | ||
| 650 | _aHistory and Warfare | ||
| 700 |
_a Brown, Martin _eIllustrator |
||
| 942 |
_2ddc _cNFIC |
||